| Registos Bibliográficos associados ao registo de autoridade |
|
Etiqueta de registo: 00254nam 2200025 450 001 2282328 003 http://id.bnportugal.gov.pt/bib/catbnp/2282328 100 ## $a20260320d2025 k y0pory01030103ba 101 0# $apor$deng 102 ## $aPT 105 ## $aa m 000yy 106 ## $ar 200 1# $aEnsaio para uma poética dos sentidos$ecartografias da dor nas Artes Visuais$fLuciana Padilha Cardoso$gorient. Jorge Ramos do Ó, Ana Karenina Arraes, Fernando José Pereira 210 #9 $aPorto$c[s.n.],$d2025 215 ## $a1 v. em pasta$cil.$d35 cm$eportfolio da exposição Pequena coleção das dores ([45] p.) 328 #1 $aTese dout. Artes Plásticas, Faculdade de Belas Artes, Universidade do Porto, 2025 675 ## $a77.04A/Z(043)$vBN$zpor$31993197 675 ## $a7.011(043)$vBN$zpor$31396342 700 #1 $aCardoso,$bLuciana Padilha$31992890 702 #1 $aÓ,$bJorge Ramos do,$f1962-$4727$350035 702 #1 $aArraes,$bAna Karenina$4727$31992892 702 #1 $aPereira,$bFernando José,$f1961-$4727$3198485 801 #0 $aPT$bBN$gRPC 856 41 $uhttp://rnod.bnportugal.gov.pt/ImagesBN/winlibimg.aspx?skey=&doc=2282328&img=220702&save=true 900 ## $aBIBNAC$d20260410 966 ## $lBN$mFGMON$sB.A. 5712 A.$x1 971 ## $cssilva$d20260320 972 ## $e0$z0$d20260410$vlrevez 973 ## $ctrodrigues$d20260324
|
|
|